|
|
|
|
| LEADER |
00000nab a2200000 a 4500 |
| 001 |
vtls011725111 |
| 003 |
SK-MaSNL |
| 005 |
20260303083013.0 |
| 008 |
171204|20171130xo zr|p 000 0 slo |
| 038 |
|
|
|a KEVKJB
|
| 040 |
|
|
|a KEVKJB
|b slo
|c KEVKJB
|e AACR2
|
| 041 |
0 |
|
|a slo
|
| 044 |
|
|
|a xo
|c SK
|
| 080 |
|
|
|a 368.03
|2 2011
|
| 245 |
0 |
0 |
|a Konkurz Rapid Life sa začína, trvať môže aj roky
|b milióny eur od NBS by poslúžili na vyplatenie klientov
|c [autor] (PS)
|
| 300 |
|
|
|b Fotogr.
|
| 610 |
2 |
7 |
|a Rapid life (životná poisťovňa : Slovensko)
|2 kevkjb
|9 1088634
|
| 650 |
0 |
7 |
|a životné poisťovne
|2 kevkjb
|9 1088635
|
| 650 |
0 |
7 |
|a poisťovne
|2 kevkjb
|9 1979
|
| 651 |
|
7 |
|a Košice (Slovensko)
|2 kevkjb
|9 18694
|
| 773 |
0 |
|
|t KOŠICE:DNES
|g Roč. 4, č. 227 (30.11.2017), s. 8
|x 1339-7605
|
| 852 |
|
|
|a KEVKJB
|b KIS3GCP
|
| 856 |
4 |
1 |
|u http://kosicednes.sk/udalosti/konkurz-rapid-life-sa-zacina-trvat-moze-aj-roky/
|
| 999 |
|
|
|c 1789964
|d 1791894
|